000 00782nam a2200265 i 4500
001 C2-0114619
003 PPAK
005 20180727104806.0
008 970709s1991 my |||| ||||| | may d
020 _a9836219404
040 _aPPAK
_beng
_cPPAK
_erda
082 0 4 _a899.23
_223
090 0 0 _a899.23
_bKUA
_dG
090 0 0 _a899.23
_bKUA
_dKAM
090 0 0 _a899.23
_bKUA
_dKIH
090 0 0 _a899.23
_bKUA
_dKK
245 0 0 _aKuala Lumpur :
_bhadiah puisi cerpen DBKL-DBP
264 1 _aKuala Lumpur :
_bDewan Bahasa dan Pustaka ,
_c1991
300 _axiii, 257 pages ;
_c21 cm
336 _2rdacontent
_atext
337 _2rdamedia
_aunmediated
338 _2rdacarrier
_avolume
650 1 0 _aShort stories, Malay ; Malay poetry - 20th century - Malaysian authors
942 _ddc
_cB
999 _c29368
_d29368